Stades de Bundesliga (2023-2024) - Statistiques

Statistiques générales
  • Ce quiz a été pris 32 fois
  • Le résultat moyen est 6 sur 18
Statistiques - réponses
Équipe Stade Capacité % Correct
Bayern Munich Allianz Arena 75 000
96%
Borussia Dortmund Signal Iduna Park 81 359
88%
RB Leipzig Red Bull Arena 44 345
67%
Bayer Leverkusen BayArena 30 210
46%
VfB Stuttgart Mercedes-Benz Arena 60 441
42%
SC Fribourg Europa-Park Stadion 34 700
38%
Borussia Mönchengladbach Borussia Park 54 067
33%
FC Cologne RheinEnergieStadion 50 000
29%
VfL Wolfsburg Volkswagen Arena 30 000
25%
Eintracht Francfort Commerzbank Arena 51 500
21%
Union Berlin An der Alten Försterei 22 012
17%
FSV Mayence 05 MEWA Arena 34 034
13%
TSG Hoffenheim PreZero Arena 30 150
13%
FC Augsbourg WWK Arena 30 660
13%
VfL Bochum Vonovia Ruhrstadion 29 299
8%
Werder Brême Wohninvest Wesertadion 42 500
8%
SV Darmstadt Stadion am Böllenfalltor 17 500
4%
FC Heidenheim Voith-Arena 15 000
4%
Aucun quiz correspondant
Distribution des résultats
% des personnes avec chaque résultat
Percentile par nombre de réponses
Votre historique - résultats
Vous n’avez pas pris ce quiz